Sports Quiz

Random Sports or NCAA Quiz

BCS Teams (All-Time) Quiz Stats

 Plays Quiz Updated Sep 8, 2015

Score 0/51 Timer 06:00
7 Plays Today
BCS Games Team % Correct
7Florida Gators
97.7%
4Texas Longhorns
96.4%
10Ohio State Buckeyes
96%
7USC Trojans
95.7%
6Alabama Crimson Tide
94.7%
9Oklahoma Sooners
93.4%
5Michigan Wolverines
92.7%
8Florida State Seminoles
92.3%
5Oregon Ducks
90.1%
1Michigan State Spartans
89.4%
5LSU Tigers
89.1%
3Georgia Bulldogs
87.2%
4Miami Hurricanes
86.3%
3Boise State Broncos
85.5%
2Penn State Nittany Lions
81.7%
1Oklahoma State Cowboys
79.9%
2Nebraska Cornhuskers
78.5%
1UCLA Bruins
77.9%
2Tennessee Volunteers
77.6%
2TCU Horned Frogs
77.2%
6Virginia Tech Hokies
77%
4Notre Dame Fighting Irish
77%
3Auburn Tigers
76.6%
5Wisconsin Badgers
75.6%
1Washington Huskies
75.2%
2Clemson Tigers
74.5%
BCS Games Team % Correct
1Kansas Jayhawks
74.3%
2Iowa Hawkeyes
74.1%
1Oregon State Beavers
71%
2Utah Utes
69.5%
1Georgia Tech Yellow Jackets
68.7%
3West Virginia Mountaineers
67.5%
1Texas A&M Aggies
67%
5Stanford Cardinal
65.8%
1Baylor Bears
65.4%
2Illinois Fighting Illini
63.8%
2Kansas State Wildcats
62.7%
1Washington State Cougars
59.9%
1Pittsburgh Panthers
59.8%
1Colorado Buffaloes
58%
2Cincinnati Bearcats
52.4%
1Hawaii Warriors
50.3%
1Syracuse Orange
49.2%
2Louisville Cardinals
48.2%
1Purdue Boilermakers
47.4%
1Maryland Terrapins
47.4%
1Central Florida Knights
44.9%
1Arkansas Razorbacks
38.8%
1Northern Illinois Huskies
37.3%
1Wake Forest Demon Deacons
36.3%
1Connecticut Huskies
28.7%

You're not logged in!

Compare scores with friends on all Sporcle quizzes.
OR
Log In

Show Comments

Extras

Top Quizzes Today


Score Distribution

Your Account Isn't Verified!

In order to create a playlist on Sporcle, you need to verify the email address you used during registration. Go to your Sporcle Settings to finish the process.

Report this User

Report this user for behavior that violates our Community Guidelines.

Details: